[Event "Davos Summer op"]
[Site "Davos"]
[Date "2020.07.11"]
[Round "4"]
[White "Scherler, Julius"]
[Black "Shatil, Or"]
[Result "1-0"]
[WhiteElo "1759"]
[BlackElo "1530"]
[PlyCount "41"]
[EventDate "2020.07.09"]
[EventType "swiss"]
[EventRounds "5"]
[EventCountry "SUI"]
[SourceTitle "CBM 197 Extra"]
[Source "ChessBase"]
[SourceDate "2020.09.30"]
[SourceVersion "1"]
[SourceVersionDate "2020.09.30"]
[SourceQuality "1"]

1. e4 c5 2. Nc3 g6 3. Nf3 Bg7 4. Bc4 Nc6 5. 0-0 e6 6. d4 cxd4 7. Nb5 d6 8. Nbxd4 Nge7 9. Nb5 d5 10. exd5 Na5 11. dxe6 Bxe6 12. Bxe6 fxe6 13. Nd6+ Kf8 14. Ng5 Qd7 15. Re1 Nac6 16. Nxe6+ Kg8 17. Nxg7 Kxg7 18. Bh6+ Kg8 19. Qd3 Na5 20. Rxe7 Qxe7 21. Qd5+ 1-0

[Event "EU-ch U10 Girls"]
[Site "Bratislava"]
[Date "2019.08.09"]
[Round "8"]
[White "Shatil, Or"]
[Black "Kusakina, Uliana"]
[Result "0-1"]
[WhiteElo "1189"]
[BlackElo "1448"]
[PlyCount "82"]
[EventDate "2019.08.02"]
[EventType "swiss"]
[EventRounds "9"]
[EventCountry "SVK"]
[SourceTitle "EXT 2020"]
[Source "ChessBase"]
[SourceDate "2019.10.17"]
[SourceVersion "1"]
[SourceVersionDate "2019.10.17"]
[SourceQuality "1"]

1. e4 c6 2. d4 d5 3. exd5 cxd5 4. Bd3 Nc6 5. c3 Nf6 6. Bf4 g6 7. Nf3 Bg7 8. 0-0 0-0 9. h3 Bf5 10. Re1 Bxd3 11. Qxd3 Ne4 12. Nbd2 f5 13. Ng5 Nxg5 14. Bxg5 h6 15. Bf4 g5 16. Bh2 Qd7 17. Nb3 b6 18. Re2 f4 19. Rae1 Rf6 20. f3 Kh8 21. Qb5 e6 22. Nc1 Rd8 23. Qb3 Rdf8 24. Nd3 Rg6 25. Qc2 Qe8 26. b4 a6 27. a4 Qf7 28. Nf2 h5 29. b5 axb5 30. axb5 Na5 31. Ra1 Nc4 32. Qa4 Qf5 33. Qb4 Ne3 34. Ra7 g4 35. hxg4 hxg4 36. fxg4 Nxg4 37. Nxg4 Rxg4 38. Qe7 f3 39. Rb2 f2+ 40. Kh1 f1Q+ 41. Bg1 Qh5+ 0-1

[Event "EU-ch U10 Girls"]
[Site "Bratislava"]
[Date "2019.08.07"]
[Round "6"]
[White "Fedorova, Olesya"]
[Black "Shatil, Or"]
[Result "1-0"]
[WhiteElo "1578"]
[BlackElo "1189"]
[PlyCount "65"]
[EventDate "2019.08.02"]
[EventType "swiss"]
[EventRounds "9"]
[EventCountry "SVK"]
[SourceTitle "EXT 2020"]
[Source "ChessBase"]
[SourceDate "2019.10.17"]
[SourceVersion "1"]
[SourceVersionDate "2019.10.17"]
[SourceQuality "1"]

1. e4 c5 2. c3 d5 3. exd5 Qxd5 4. d4 Nf6 5. Nf3 Bg4 6. dxc5 Qxc5 7. Na3 a6 8. Be3 Qc7 9. h3 Bh5 10. g4 Bg6 11. Qa4+ Nbd7 12. 0-0-0 e6 13. Bf4 Qc8 14. Bg2 Ne4 15. Ne5 b5 16. Qd4 Nxe5 17. Bxe4 Bxe4 18. Qxe4 Ng6 19. Nc2 Bc5 20. Be3 0-0 21. h4 Bxe3+ 22. Nxe3 Qc7 23. h5 Nf4 24. h6 g6 25. g5 Rad8 26. Ng4 Qc4 27. Qe5 Ne2+ 28. Kb1 f6 29. Nxf6+ Kf7 30. Nxh7 Ke7 31. Nxf8 Rxf8 32. Qd6+ Kf7 33. Qd7+ 1-0

[Event "EU-ch U10 Girls"]
[Site "Bratislava"]
[Date "2019.08.05"]
[Round "4"]
[White "Abbasova, Zarifa"]
[Black "Shatil, Or"]
[Result "0-1"]
[WhiteElo "1365"]
[BlackElo "1189"]
[PlyCount "108"]
[EventDate "2019.08.02"]
[EventType "swiss"]
[EventRounds "9"]
[EventCountry "SVK"]
[SourceTitle "EXT 2020"]
[Source "ChessBase"]
[SourceDate "2019.10.17"]
[SourceVersion "1"]
[SourceVersionDate "2019.10.17"]
[SourceQuality "1"]

1. e4 c5 2. Nc3 g6 3. g3 Bg7 4. Bg2 Nc6 5. d3 e6 6. f4 Nge7 7. Nf3 0-0 8. 0-0 d5 9. e5 f6 10. exf6 Bxf6 11. Ne2 Qd6 12. c3 Bd7 13. Kh1 d4 14. cxd4 cxd4 15. Nd2 Bg7 16. Ne4 Qb4 17. Qd2 Qxd2 18. Bxd2 b6 19. Nd6 Rad8 20. Rac1 e5 21. Ne4 Nd5 22. Nd6 Nce7 23. fxe5 Bxe5 24. Nc4 Bf6 25. Nd6 Bg4 26. Bh6 Bg7 27. Bxg7 Kxg7 28. Nxd4 Rxd6 29. Rxf8 Kxf8 30. Nb5 Rf6 31. h3 Bf3 32. Bxf3 Rxf3 33. Kg2 Rxd3 34. Rf1+ Ke8 35. Rf2 Ne3+ 36. Kh2 a5 37. Nc3 N7f5 38. g4 Nd4 39. Ne4 Nd1 40. Rf6 Re3 41. Nc3 Nxc3 42. bxc3 Rxc3 43. Rxb6 Rc2+ 44. Kg3 Rxa2 45. h4 a4 46. Rb8+ Kd7 47. Rb7+ Kc6 48. Rxh7 a3 49. Rh6 Rg2+ 50. Kxg2 a2 51. Rxg6+ Kb5 52. Rd6 a1Q 53. Rd8 Qb2+ 54. Kf1 Qe2+ 0-1

[Event "EU-ch U10 Girls"]
[Site "Bratislava"]
[Date "2019.08.04"]
[Round "3"]
[White "Shatil, Or"]
[Black "Zubkovskaya, Ekaterina"]
[Result "1-0"]
[WhiteElo "1189"]
[BlackElo "1449"]
[PlyCount "121"]
[EventDate "2019.08.02"]
[EventType "swiss"]
[EventRounds "9"]
[EventCountry "SVK"]
[SourceTitle "EXT 2020"]
[Source "ChessBase"]
[SourceDate "2019.10.17"]
[SourceVersion "1"]
[SourceVersionDate "2019.10.17"]
[SourceQuality "1"]

1. e4 c5 2. Nf3 d6 3. d4 cxd4 4. Nxd4 Nf6 5. Nc3 e6 6. Be2 a6 7. 0-0 Be7 8. f4 0-0 9. Be3 Nbd7 10. Bf3 e5 11. Nf5 Nb8 12. fxe5 Bxf5 13. exf6 Bxf6 14. exf5 Nc6 15. Ne4 Re8 16. Bf2 Be5 17. Re1 Rf8 18. Nd2 Na5 19. c3 Qc7 20. Qc2 Rab8 21. Rad1 Rbd8 22. Qe4 Rfe8 23. Qb4 Nc6 24. Bxc6 Qxc6 25. Nc4 f6 26. Na5 Qd7 27. Qxb7 Qa4 28. Qb3+ Qxb3 29. Nxb3 Rb8 30. Bg3 Bxg3 31. hxg3 Kf7 32. Rxe8 Rxe8 33. Rxd6 Re2 34. Rxa6 Rxb2 35. Ra7+ Kf8 36. c4 Rc2 37. c5 h6 38. Nd4 Rc4 39. Ne6+ Ke8 40. Rxg7 Rc1+ 41. Kh2 Rc2 42. a4 Ra2 43. c6 Rxa4 44. c7 Rc4 45. Rg8+ Kd7 46. Rd8+ Ke7 47. c8Q Rxc8 48. Rxc8 Kd7 49. Rc1 Kd6 50. Kh3 Ke5 51. g4 Kd6 52. g3 Ke5 53. Rd1 Ke4 54. Kg2 Ke3 55. Nf4 Ke4 56. Kf2 h5 57. gxh5 Ke5 58. h6 Ke4 59. h7 Ke5 60. h8Q Ke4 61. Qe8+ 1-0